| 000 | 01253nam a22002897a 4500 | ||
|---|---|---|---|
| 999 |
_c65878 _d65878 |
||
| 005 | 20240530110847.0 | ||
| 008 | 201026s2020 ua a g b 000 0 ara d | ||
| 017 |
_a2019/5100 _bمصر. دار الكتب |
||
| 020 | _a9789777359375 | ||
| 040 |
_aEG-CaGPL _cEG-CaGPL |
||
| 082 | 0 | 4 |
_221 _a371.3/ _bح ب |
| 100 | 0 | _aحنان بنت على بن محمد الصليهم | |
| 245 | 1 | 0 |
_aبرنامج تدريبى لتطوير ممارسات معلم العلوم فى ضوء التوجهات الدولية لدراسة العلوم والرياضيات : _bTIMSS / _cحنان بنت على بن محمد الصليهم |
| 250 | _aط.1 | ||
| 260 |
_aالقاهرة : _bدار الوفاء لدنيا الطباعة و النشر، _c2020. |
||
| 300 |
_a327 ص. : _bايض ؛ _c24 سم. |
||
| 504 | _aيشتمل على ارجاعات ببليوجرافية | ||
| 650 | 0 | 7 |
_2qrmak _aالتخطيط التربوى |
| 650 | 0 | 7 |
_2qrmak _aالتعليم _xاغراضه واهدافه |
| 650 | 0 | 7 |
_2qrmak _aطرق التدريس |
| 650 | 0 | 7 |
_2qrmak _aالتعليم _xمناهج |
| 651 | _2qrmak | ||
| 653 | 0 | _aالعلوم - تدريس | |
| 653 | 0 | _aالرياضيات - تدريس | |
| 942 |
_2ddc _cBK |
||